[Event "IECC M email"]
[Site "IECC email"]
[Date "2002.12.29"]
[Round "?"]
[White "Henriksen, Jason"]
[Black "Mathes, Christian"]
[Result "1-0"]
[WhiteElo "1200"]
[BlackElo "1167"]
[PlyCount "73"]
[EventDate "2002.??.??"]
[EventType "tourn (corr)"]
[EventRounds "6"]
[SourceTitle "Corr 2008"]
[Source "ChessBase"]
[SourceDate "2008.06.24"]
[SourceVersion "1"]
[SourceVersionDate "2008.06.24"]
[SourceQuality "1"]

1. d4 Nf6 2. c4 e6 3. Nc3 Bb4 4. Bd2 0-0 5. Nf3 d5 6. e3 b6 7. Bd3 Bb7 8. 0-0 dxc4 9. Bxc4 Nbd7 10. Qe2 a6 11. a3 Bd6 12. e4 b5 13. Bb3 e5 14. dxe5 Nxe5 15. Nxe5 Bxe5 16. Bg5 h6 17. Rad1 Qe7 18. Bxf6 Bxf6 19. Nd5 Bxd5 20. Bxd5 Rad8 21. Rd2 c5 22. Rfd1 Bd4 23. a4 Rb8 24. axb5 axb5 25. Qg4 Qf6 26. b3 Rbd8 27. Qe2 Qa6 28. b4 Bc3 29. Bxf7+ Kxf7 30. Rxd8 Rxd8 31. Rxd8 Bxb4 32. Qh5+ Ke7 33. Qe8+ Kf6 34. Qf8+ Ke6 35. Re8+ Kd7 36. Qf7+ Kc6 37. Re6# 1-0